000 00785nam a22003017a 4500
001 BR2012008324
003 BR-BrBNA
005 20230928104058.0
007 ta
008 230509b bl.||||| |||| 00| 0 por d
040 _aBR-BrBNA
_bpor
_cBiblioteca Nacional de Agricultura
041 _a(Por)
072 _aH60
_b2120
090 _ 2120 BR2012008324
100 1 _aMatiello, J.B.
100 1 _aGarcia, A.L.
100 1 _aAlmeida, S.R.
110 1 _aFundação Procafé, Varginha, MG (Brasil)
245 1 _aControle do mato em cafezais
260 3 _aVarginha, MG (Brasil):
_c2009.
300 _a60 p.
500 _a3 ref.; 25 illus.; 9 tables
650 _aMATO
650 _aHERBICIDA
650 _aCAFEZAL
909 _a202309
_bLucia
_c55
_dLucia Elande
942 _cBK
999 _c78012
_d78012